| 000 | 00428pam a2200157a 44500 | ||
|---|---|---|---|
| 008 | 230515b2003 xxu||||| |||| 00| 0 eng d | ||
| 020 | _aNULL | ||
| 041 | _aENGL | ||
| 082 | _a306.72 AHI | ||
| 100 | _a"AHIRE , P" | ||
| 245 | _aGRAMEN AAN NAGARI SAMAJSHATRA (RURAL AND URBAN SOCOLOGY ) | ||
| 250 | _a1 | ||
| 260 |
_aNAGPUR _bVIDYA PRAKASHAN _c2003 |
||
| 300 | _a224 | ||
| 650 | _a"SOCIOLOGY, RURAL SOCIOLOGY, URBAN SOCIOLOGY," | ||
| 999 |
_c540227 _d540227 |
||